000 00803nam a2200253 a 4500
001 BRCA_7961
005 20190320210054.0
008 100314s1967----fr-a###f##---#000-0#fre-#
041 _afre
044 _afr
050 4 _aNA7736
_b.M47
_c1967
245 1 0 _aMerveilles des chateaux de Languedoc et de Guyenne
_cpreface du duc de Levis Mirepoix de l´Academie Francaise.
260 _a[París]
_bHachette
_c1967
300 _a325 p.
_bil. (algunas a color)
_c31 cm.
440 0 _aCollection Rèalitès
_919732
500 _a3123
650 1 4 _aCastillos de Languedoc
_zFrancia
_919733
650 1 4 _aCastillos
_zGuyenne
_919734
650 1 4 _aCastillos históricos
_918955
650 1 4 _aFortificaciones y palacios
_919735
700 1 _aMirepoix, Levis
_cDuque de
_919736
902 _aGFM
942 _2lcc
_cB
999 _c7630
_d7630